La Industria : periódico científico-industrial: redactado por ingenieros industriales periódico científico-industrial: redactado por ingenieros industriales
Descripción Física:
1 volum : 32 cm
Idioma:
Español
MARC
| LEADER | 00000nas a2200000 a 4500 | ||
|---|---|---|---|
| 003 | Arxiu | ||
| 005 | 20260324180140.0 | ||
| 008 | 160829s1862 spcjxx spa c | ||
| 040 | |a AGDB | ||
| 080 | |a Revistes | ||
| 245 | 0 | 3 | |a La Industria : |b periódico científico-industrial: redactado por ingenieros industriales |
| 260 | |a Barcelona : |b Jaime Bellsolell y Bosch, |c 1862-18?? | ||
| 300 | |a 1 volum : |c 32 cm | ||
| 362 | |a Año 1, no. 1 (1862)- | ||
| 590 | |a Setmanal. | ||
| 590 | |a El núm. 1 inclou una làmina (litografia de N. Aráu) d'una grua giratòria a vapor. | ||
| 590 | |a Prové de 1003 | ||
| 650 | |a Indústria |x Revistes |9 47841 | ||
| 650 | 0 | |a Enginyeria industrial |x Revistes |9 48646 |2 Arxiu | |
| 866 | |a Any 1, 1862 (1) | ||
| 901 | |a Arxiu | ||
| 942 | |n 1 |2 udc |c REV | ||
| 952 | |0 0 |1 0 |4 0 |6 REV2197 |7 1 |9 54146 |a Arxiu |b Arxiu |d 2023-06-15 |h Núm. 1 (2 enero 1862) |o Rev-2197 |p 28055 |r 2016-12-01 00:00:00 |w 2016-12-01 |y ARXIU | ||
| 999 | |c 58015 |d 58015 | ||